2024 NBA Draft - Statistics

General Stats
  • This quiz has been taken 223 times
  • The average score is 28 of 58
Answer Stats
Draft # Team Player % Correct
2 Wizards Alex Sarr
98%
4 Spurs Stephon Castle
93%
1 Hawks Zaccharie Risacher
93%
3 Rockets Reed Sheppard
92%
9 Grizzlies Zach Edey
83%
8 Timberwolves Rob Dillingham
82%
7 Trailblazers Donovan Clingan
80%
5 Pistons Ron Holland II
80%
16 76ers Jared McCain
78%
11 Bulls Matas Buzelis
78%
17 Lakers Dalton Knecht
77%
10 Jazz Cody Williams
75%
6 Hornets Tidjane Salaun
73%
12 Thunder Nikola Topic
72%
15 Heat Kel'el Ware
70%
14 Wizards Bub Carrington
69%
24 Wizards Kyshawn George
63%
23 Bucks AJ Johnson
61%
29 Jazz Isaiah Collier
61%
13 Kings Devin Carter
60%
18 Magic Tristan da Silva
58%
21 Pelicans Yves Missi
57%
19 Raptors Ja'Kobe Walter
53%
28 Suns Ryan Dunn
53%
55 Lakers Bronny James
52%
39 Memphis Jaylen Wells
51%
27 Timberwolves Terrence Shannon Jr
50%
20 Cavaliers Jaylon Tyson
49%
34 Knicks Tyler Kolek
48%
25 Knicks Pacome Dadiet
46%
30 Celtics Baylor Scheierman
44%
26 Thunder Dillon Jones
43%
22 Nuggets DaRon Holmes II
42%
32 Jazz Kyle Filipowski
40%
38 Thunder Ajay Mitchell
38%
33 Bucks Tyler Smith
38%
35 Pacers Johnny Furphy
37%
41 76ers Adem Bona
34%
58 Knicks Ariel Hukporti
34%
45 Raptors Jamal Shead
34%
31 Raptors Jonathan Mogbo
32%
44 Heat Pelle Larsson
32%
52 Warriors Quinten Post
31%
40 Suns Oso Ighodaro
30%
37 Pistons Bobi Klintman
25%
46 Clippers Cam Christie
22%
54 Celtics Anton Watson
21%
48 Spurs Harrison Ingram
21%
53 Grizzlies Cam Spencer
20%
42 Hornets KJ Simpson
20%
47 Pelicans Antonio Reeves
17%
36 Spurs Juan Nunez
17%
51 Mavericks Melvin Ajinca
17%
57 Raptors Ulrich Chomche
16%
50 Pacers Enrique Freeman
14%
56 Knicks Kevin McCullar Jr
14%
43 Hawks Nikola Djurisic
14%
49 Pacers Tristen Newton
14%
No matching quizzes found
Score Distribution
Percent of People with Each Score
Percentile by Number Answered
Your Score History
You have not taken this quiz